000 01531nam0a22002531 4500
001 rc\3564585
005 20260407135257.0
021 _aRU
_b76-91662
035 _a(NLR Aleph) 007687857
090 _a6609281
_c6609281
100 _a20130115d1976 |||y0rusy50 ca
101 0 _arus
102 _aRU
105 _aa c |||||
200 1 _aРекомендации по практическому применению "Указаний по определению расчетных гидрологических характеристик" - СН 435-72 для расчета максимального стока с неизученных бассейнов при Г 50-200 км
_fМ-во мелиорации и водного хоз-ва СССР. Всесоюз. произв. проектное объединение В/О "Союзводпроект"
210 _aМосква
_cБ. и.
_d1976
215 _a26 с.
_cил.
_d27
532 1 3 _aРекомендации по практическому применению Указаний по определению расчетных гидрологических характеристик - СН 435-72 для расчета максимального стока с неизученных бассейнов при Г 50-200 км
712 0 2 _a"Союзводпроект", всесоюзное объединение
_9505604
_3RU\NLR\AUTH\8810004158
801 0 _aRU
_bNLR
_gpsbo
801 1 _aRU
_bELAR
_2rusmarc
852 _aNLR
_j77-7/2174
942 _cBOOK
980 _aNB